000 01370cam a22004334i 4500
003 PE-LiUPU
005 20250731173525.0
008 150616s r 000 0 d
020 _a0805413251
040 _aPE-LiUPU
_bspa
_cPE-LiUPU
_erda
049 _aPRUA
082 0 4 _a225.95
_bC357h
_223
100 1 _aCate, Robert L.,
_eautor.
245 1 2 _aA History of the New Testament and Its Times /
_cRobert L. Cate.
264 1 _aTennessee :
_bBroadman Press,
_c1991.
300 _a347 páginas ;
_c24 centímetros.
336 _atext
_2rdacontent
337 _aunmediated
_2rdamedia
338 _avolume
_2rdacarrier
504 _aIncluye bibliografía.
505 0 _aThe world itself could not contain the books.- At sundry times.- The word became flesh.- Witness in Jerusalem, all Judea, and Samaria.- Witnesses to the end of the earth.- Conclusion: the lord God omnipotent reigneth.
526 _aSEG42
526 _aSEG41
526 _aSEG40
526 _aSEG39
526 _aP94
526 _aP87
526 _aP86
526 _aP85
526 _aP77
526 _aP76
526 _aP35
630 _aBiblia.
_pN.T.
_xHistoria antigua.
630 _aBiblia.
_pN.T.
_xHistoria moderna.
910 _ajck
942 _2ddc
_cBK
999 _c59893
_d59893
980 _81
_gALBERTO SANCHEZ Responsable de Automatización